| 000 | 00350nam a22001217a 4500 | ||
|---|---|---|---|
| 082 |
_a005.1 _bMAS |
||
| 245 |
_aComputer Programming _cMashwani, Muhammad Ayaz |
||
| 260 |
_aLahore _bHamdard Katub Khana _c1990 |
||
| 300 |
_a212. p: _bill.; _c20 cm. _eDonation |
||
| 526 |
_a0 _b0 _c0 _d005_100000000000000_MAS |
||
| 650 |
_aDonation _936574 |
||
| 942 |
_2ddc _cBK |
||
| 999 |
_c541631 _d541631 |
||